| 000 | 01150cam a22002891i 4500 | ||
|---|---|---|---|
| 003 | SA-RiAUC | ||
| 005 | 20241210061911.0 | ||
| 008 | 241209s1994 ua g 000 0 ara c | ||
| 020 | _z9775227452 | ||
| 040 |
_aKW-ShULA _bara _cSA-RiAUC _erda |
||
| 050 | 4 | _bI2682. 1994 | |
| 082 | 0 | 4 |
_a251.6 _qSA-RiAUC |
| 090 |
_a251.6 _bا ب ن ل |
||
| 100 | 1 |
_aابن اللحام، علي بن محمد بن عباس، _dتوفي 803 هجري _eمؤلف. |
|
| 245 | 1 | 2 |
_aالقواعد / _cتأليف علاء الدين علي بن عباس البعلي المعروف بابن اللحام ؛ حققه أيمن صالح شعبان. |
| 250 | _aالطبعة الأولى. | ||
| 264 | 1 |
_aالقاهرة : _bدار الحديث، _c1994 |
|
| 300 |
_a391 صفحة ؛ _c24 سم |
||
| 336 |
_aنص _btxt _2rdacontent _3كتاب |
||
| 337 |
_aبدون وسيط _bn _2rdamedia |
||
| 338 |
_aمجلد _bnc _2rdacarrier |
||
| 650 | 7 |
_aالقواعد الفقهية _2aucsh |
|
| 650 | 7 |
_aأصول الفقه الإسلامي _2aucsh |
|
| 700 | 1 |
_aشعبان، أيمن صالح _eمحقق. |
|
| 942 |
_2ddc _cBOOK _n0 |
||
| 949 |
_aSA-JeALM _d241209 _uosman123 _n1 |
||
| 999 |
_c3228 _d3228 |
||